Pop Culture of the 2020s by Image - Statistics

General Stats
  • This quiz has been taken 3,612 times
    1,033 since last reset
  • The average score is 10 of 12
Answer Stats
Picture Hint Answer % Correct
2020 Disease COVID-19
100%
2021 TV Series Squid Game
98%
2023 Person of the Year Taylor Swift
98%
2020 Game Among Us
96%
2022 Slapper Will Smith
95%
2025 Assassinated Activist Charlie Kirk
94%
2025 Film A Minecraft Movie
90%
2024 Arrestee Diddy
88%
2022 Film Top Gun: Maverick
87%
2024 Olympic Event Breakdancing
74%
2023 Conflict Israel–Hamas War
74%
2021 Event Jan. 6 Capitol Attack
43%
No matching quizzes found
Score Distribution
Percent of People with Each Score
Percentile by Number Answered
Your Score History
You have not taken this quiz since the last reset